Imágenes del barroco: estudios de emblemática
Uloženo v:
| Hlavní autor: | |
|---|---|
| Médium: | Kniha |
| Jazyk: | španělština |
| Vydáno: |
Madrid
Siruela
1989
|
| Témata: | |
| Tagy: |
Přidat tag
Žádné tagy, Buďte první, kdo vytvoří štítek k tomuto záznamu!
|
MARC
| LEADER | 00000nam a2200000 a 4500 | ||
|---|---|---|---|
| 001 | UCU5763 | ||
| 003 | CL-VaPUC | ||
| 008 | 960614e19890000SP |||||||||||||||||spa|d | ||
| 020 | |a 8478440216 | ||
| 082 | 0 | 4 | |a 809.03 |b PRA |2 21 |
| 100 | |a Praz, Mario |e author |9 324795 | ||
| 245 | 1 | 0 | |a Imágenes del barroco: estudios de emblemática |
| 300 | |a 269 p | ||
| 942 | |c BK | ||
| 945 | |d 19960614 00:00:00 |a rbrito | ||
| 260 | |a Madrid |b Siruela |c 1989 | ||
| 650 | 7 | |a BARROCO EN LA LITERATURA |2 CL-VaPUC |9 346603 | |
| 650 | 0 | |a Barroco |9 338027 | |
| 650 | 0 | |a Filosofía |9 223554 | |
| 650 | 0 | |a Amor |9 257817 | |
| 650 | 0 | |a Literatura |9 259151 | |
| 583 | |a last modification |c 19960614 00:00:00 |k Rodrigo Vera | ||
| 999 | |c 340611 |d 340609 | ||
| 952 | |0 0 |1 0 |2 ddc |4 0 |6 809_030000000000000_PRA_1989 |7 0 |8 A |9 435471 |a BIBART |b BIBART |d 2019-11-22 |i 320670K |l 2 |o 809.03 PRA 1989 |p 320670K |r 2025-03-13 |s 2022-08-30 |w 2019-11-22 |y BK |k ART | ||